00422nam a2200157Ia 4500008004100000020001800041082001400059100002300073245002500096250000800121260005200129300002400181500001900205600002000224650002000244240925s9999 xx 000 0 und d a9780198089537 a338.5 COL aColell-Mas, Andreu 0aMicroeconomic Theory a1st aNew Delhi:bNew Oxford University Pressc,2006. a340p.bNAfOriginal aIncludes Index aSocial Sciences aSocial Sciences